00656nam a2200205 a 450000100060000000300080000600500170001400800410003103500190007204000360009104100080012708200240013510000240015924501150018326000410029830000210033950400490036065000220040965000190043145339BD-RjUL20211209054010.0860101s1950 dk 001 0 eng u a(BD-RjUL)45457 aBWEdEQOdBD-RjULbengcBD-RjUL1 aeng 223a336.2bLOI 195010aLøkkegaard, Frede.10aIslamic taxation in the classic period :bwith special reference to circumstances in Iraq /cFrede Løkkegaard aCopenhagen :bBranner & Korch,c1950 a286 p. ;c22 cm. aInclude Bibliography: (p. 266-272) and index 0aTaxation, Islamic 0aTaxationzIraq